Հաշմանդամության խնդիրը և զանգվածային լրատվության միջոցները : (Record no. 75036)
[ view plain ]
| 000 -LEADER | |
|---|---|
| fixed length control field | 01198nam a2200253 4500 |
| 003 - CONTROL NUMBER IDENTIFIER | |
| control field | SEM |
| 005 - DATE AND TIME OF LATEST TRANSACTION | |
| control field | 20240827120343.0 |
| 008 - FIXED-LENGTH DATA ELEMENTS--GENERAL INFORMATION | |
| fixed length control field | 240731s2009 ai ||||gr||||||01|||arm|d |
| 020 ## - INTERNATIONAL STANDARD BOOK NUMBER | |
| International Standard Book Number | 978-9939-53-469-5 |
| 040 ## - CATALOGING SOURCE | |
| Original cataloging agency | SEM |
| Transcribing agency | SEM |
| 041 ## - LANGUAGE CODE | |
| Language code of text/sound track or separate title | arm |
| 080 ## - UNIVERSAL DECIMAL CLASSIFICATION NUMBER | |
| Universal Decimal Classification number | 347.161/Բ-17 |
| 100 ## - MAIN ENTRY--PERSONAL NAME | |
| Personal name | Բաթոյան, Զարուհի |
| Dates associated with a name | (1979-) |
| 245 ## - TITLE STATEMENT | |
| Title | Հաշմանդամության խնդիրը և զանգվածային լրատվության միջոցները : |
| Remainder of title | Ուղեցույց լրագրողների համար / |
| Statement of responsibility, etc. | Զ. Բաթոյան ; Գիտ. խմբ.՝ Հ. Ավետիքյան ; Խմբագիրներ՝ Ն. Մարտիրոսյան ; Ա. Մենեմշյան |
| 260 ## - PUBLICATION, DISTRIBUTION, ETC. | |
| Place of publication, distribution, etc. | Երևան : |
| Name of publisher, distributor, etc. | «Հույսի կամուրջ», |
| Date of publication, distribution, etc. | 2009. |
| 300 ## - PHYSICAL DESCRIPTION | |
| Extent | 123 էջ ; |
| Dimensions | 20 սմ |
| 504 ## - BIBLIOGRAPHY, ETC. NOTE | |
| Bibliography, etc. note | Ծանոթագրություններ և օգտագործված գրականության ցանկ : էջ 116-122 |
| 650 ## - SUBJECT ADDED ENTRY--TOPICAL TERM | |
| Topical term or geographic name entry element | Ֆիզիկական հիվանդությունների պաշտպանության իրավունք |
| 653 ## - INDEX TERM--UNCONTROLLED | |
| Uncontrolled term | ՍԷՄ |
| 700 ## - ADDED ENTRY--PERSONAL NAME | |
| Personal name | Ավետիքյան, Հ. |
| Relator term | գիտ. խմբ. |
| 700 ## - ADDED ENTRY--PERSONAL NAME | |
| Personal name | Մարտիրոսյան, Ն. |
| Relator term | խմբ. |
| 700 ## - ADDED ENTRY--PERSONAL NAME | |
| Personal name | Մենեմշյան, Ա. |
| Relator term | խմբ. |
| 942 ## - ADDED ENTRY ELEMENTS (KOHA) | |
| Source of classification or shelving scheme | Universal Decimal Classification |
| Koha item type | Գրքեր/Books |
| Withdrawn status | Lost status | Source of classification or shelving scheme | Damaged status | Not for loan | Collection code | Home library | Current library | Date acquired | Cost, normal purchase price | Inventory number | Total Checkouts | Full call number | Barcode | Date last seen | Price effective from | Koha item type | Public note |
|---|---|---|---|---|---|---|---|---|---|---|---|---|---|---|---|---|---|
| Universal Decimal Classification | Գրապահոց | Մայր Աթոռ Սուրբ Էջմիածին «Վաչե և Թամար Մանուկյան» Մատենադարան | Մայր Աթոռ Սուրբ Էջմիածին «Վաչե և Թամար Մանուկյան» Մատենադարան | 31/07/2024 | 500.00 | 35781 | 347.161/Բ-17 | 35781 | 31/07/2024 | 31/07/2024 | Գրքեր/Books | Սպասարկվում է ընթերցասրահ |